00886cam a22002531i 4500001001300000003000400013005001700017008004100034010001700075035001900092040002100111043001200132050002100144051001500165100005500180245006000235260004300295300005900338490004500397500006600442650004000508650002800548810005600576gs 05000661 DLC20260227111301.0790521s1891 dcuabf f000 0 eng  ags 05000661  a(OCoLC)4986492 aDLCcICharEdDLC an-us---00aQE75b.B9 no. 82 aQE685b.W61 aWhite, Charles A.q(Charles Abiathar),d1826-1910.10aCorrelation papers ; Cretaceous /cby Charles A. White. aWashington,bGovt. Print. Off.,c1891. a273 p. :biii fold. pl. (incl. maps) diagrs. ;c24 cm.1 aU.S. Geological survey. Bulletinvno. 82 a"The literature of the North American Cretaceous" : p. 25-60. 0aGeology, StratigraphicyCretaceous. 0aGeologyzUnited States.1 aUnited States.bGeological Survey.tBulletin ;v82.